Tv - Billie Eilish - Statistics

General Stats
  • This quiz has been taken 101 times
  • The average score is 263 of 287
Answer Stats
Hint Answer % Correct
don't
100%
Verse 2 Don't
100%
Verse 1 I
100%
just
100%
now
100%
Chorus Now
100%
right
100%
talk
100%
tv
100%
wanna
100%
watch
100%
what
100%
when
100%
a
98%
have
98%
in
98%
leave
98%
on
98%
the
98%
to
98%
and
96%
Bridge And
96%
maybe
96%
Outro Maybe
96%
you
96%
all
94%
Chorus All
94%
are
94%
be
94%
fall
94%
friends
94%
love
94%
missing
94%
of
94%
so
94%
some
94%
again
92%
behind
92%
drown
92%
get
92%
my
92%
should
92%
sleep
92%
stay
92%
that's
92%
them
92%
time
92%
fine
90%
I'll
90%
pool
90%
problem
90%
put
90%
somebody
90%
while
90%
happens
88%
it's
88%
know
88%
suffer
88%
tell
88%
yourself
88%
at
86%
i'm
86%
me
86%
where
86%
you're
86%
because
84%
little
84%
mad
84%
not
84%
survivor
84%
they
84%
try
84%
watching
84%
we
84%
about
82%
denial
82%
did
82%
for
82%
gone
82%
internet's
82%
least
82%
made
82%
myself
82%
plans
82%
point
82%
see
82%
stars
82%
starve
82%
wild
82%
anything
80%
movie
80%
what's
80%
anyone
78%
each
78%
other
78%
v.
78%
with
78%
along
76%
baby
76%
betray
76%
'cause
76%
trial
72%
overturning
70%
roe
70%
sofa
70%
wade
70%
sinking
68%
they're
68%
No matching quizzes found
Score Distribution
Percent of People with Each Score
Percentile by Number Answered
Your Score History
You have not taken this quiz